000 00497nam a22001697a 4500
003 OSt
008 260416b |||||||| |||| 00| 0 eng d
082 _a634.973322
_bP21I
100 _aPatel, Avadh Kumar
245 _aInnovative Management of Shisham (Dalbergia sissoo Roxb.) Wilt Incited by Fusarium Solani f.sp. dalbergiae Gordon
260 _aPusa, Samastipur
_bRAU, Pusa
_c2010
300 _a77P.
502 _bMsc.
_d2010
650 _aPlant Pathology
650 _aMsc.
942 _2ddc
_cT
999 _c50074
_d50074